00899nam a2200241 a 450000100100000000500170001000800410002704000250006808200170009310000310011024500450014126000450018630000200023149000220025159000270027365000370030065000270033765000350036483000290039991000380042895201740046699900170064000003283520251107110523.0110325s1960 dr r 000 0 spa d aDO-SdBNPbspacBNPHU a028.9bH694d1 aHoepelman, Virgilio91125710aDe libro en libro /cVirgilio Hoepelman. aSanto Domingo :bImp. Benemerita,c1960. a38 p. ;c23 cm.1 aDe libro en libro aInventariado, 2018/MFF 0aPromoción de la lectura 97321 0aLibros y lectura91512 4aLiteraturaxColecciones940253 0aDe libro en libro958632 aValidado. Control de calidad. EMS 001050718RVaPDbPDcHDd2011-07-27iLF1l0o028.9 H694dp32835-10r2020-06-25w2020-06-25y1zPerteneció a la biblioteca personal de Martínez Boog.ZNo se presta c32326d32326